000 01242nam0a22003491 4500
001 RU\NLR\A1SV\134502
005 20260423132806.0
035 _a(NLR Aleph) 010675903
090 _a9626210
_c9626210
100 _a20150128d1926 u y0rusy50 ca
101 1 _arus
_cger
102 _aRU
200 1 _aНаполеон
_e[Рассказ]
_fКарл Штернгейм
_gПер. с нем. А.С.Полоцкой
_gПод ред. А.Г.Горнфельда
210 _aМ.
_aПг.
_cЗемля и фабрика
_d[1926]
215 _a46, [1] с.
_d18 см
300 _aНапеч. в Ленинграде
620 _dМосква
620 _dСанкт-Петербург
700 1 _aШтернхейм
_bК.
_f1878-1942
_gКарл
702 1 _aГорнфельд
_bА. Г.
_f1867-1941
_gАркадий Георгиевич
_3RU\NLR\auth\7723067
702 1 _6z01790
_aВолина-Полоцкая
_bА. С.
_f1880-1944
_gАдель Семеновна
790 1 _6z01702
_aПолоцкая
_bА. С.
801 0 _aRU
_bNLR
_c20150128
852 _aNLR
_j36/3776
852 _aNLR
_j36/3776а
899 _aСамОУНБ
899 _aКирОУНБ
899 _aРГБ
942 _cBOOK
980 _aA1SV
980 _aNB